Sestry /
Autorův románový debut se odehrává během dovolené v letovisku, kam si hlavní protagonista Robert přijede srovnat myšlenky a setkává se zde se zajímavou trojicí - dvěma sestrami a partnerem jedné z nich.
Uloženo v:
| Hlavní autor: | |
|---|---|
| Médium: | E-kniha |
| Jazyk: | Czech |
| Vydáno: |
V Praze :
Paseka,
2021
|
| Vydání: | Vydání první |
| Témata: | |
| Tagy: |
Žádné tagy |
| LEADER | 02486nam a2200373 i 4500 | ||
|---|---|---|---|
| 001 | 311382 | ||
| 003 | CZ PrSKC | ||
| 005 | 20260601215704.0 | ||
| 007 | ta | ||
| 008 | 210908s2021 xr g 000 f cze d | ||
| 015 | |a cnb003351182 | ||
| 020 | |a 9788076371644 |q (brožováno) : |c Kč 349,00 | ||
| 035 | |a (OCoLC)1288052303 | ||
| 035 | |a (OCoLC)1291384691 | ||
| 040 | |a CBA001 |b cze |d ABG001 |e rda | ||
| 072 | 7 | |a 821.162.3-3 |x Česká próza |2 Konspekt | |
| 080 | |a 821.162.3-31 |2 MRF | ||
| 080 | |a (0:82-31) |2 MRF | ||
| 100 | 1 | |a Uhlíř, Martin, |d 1967- |7 mzk2007417594 |4 aut | |
| 245 | 1 | 0 | |a Sestry / |c Martin Uhlíř |
| 250 | |a Vydání první | ||
| 264 | 1 | |a V Praze : |b Paseka, |c 2021 | |
| 300 | |a 335 stran ; |c 20 cm | ||
| 336 | |a text |b txt |2 rdacontent | ||
| 337 | |a bez média |b n |2 rdamedia | ||
| 338 | |a svazek |b nc |2 rdacarrier | ||
| 520 | 2 | |a Autorův románový debut se odehrává během dovolené v letovisku, kam si hlavní protagonista Robert přijede srovnat myšlenky a setkává se zde se zajímavou trojicí - dvěma sestrami a partnerem jedné z nich. |b Lila a Marie jsou sice sestry, ale nemohou být rozdílnější. Zatímco Lila je krásná, bezprostřední, ráda se vrhá do rizika a snadno manipuluje lidmi, Marie je tichá, introvertní a plachá. Obě ale něco skrývají a jejich vztah tíží tajemství. Robert se s nimi potkává v subtropickém letovisku, kam si přijel odpočinout od stresu a výčitek způsobených rozvodem, a taky aby tu napsal esej o zbabělosti. Propadá ale kouzlu obou sester a zaplétá se do jejich zvláštního, tajemného vztahu. Jaké trauma poznamenalo jejich vztah? Proč jsou na sobě zároveň tak závislé? Proč Lila lehkomyslně hazarduje se svým životem? A neskrývá se za Mariinou uzavřeností něco vážnějšího? Autor s výjimečným psychologickým citem kriticky nahlíží vztahy z mužské perspektivy. Nakladatelská anotace. Kráceno. | |
| 655 | 7 | |a české romány |7 fd133974 |2 czenas | |
| 655 | 9 | |a Czech fiction |2 eczenas | |
| 900 | |a ABA001 |b 19 | ||
| 044 | |a xr | ||
| 910 | |a RBIT002 | ||
| 998 | |d 333687 |a https://core.palmknihy.cz/api/books/333687/cover?qxrvlr |b https://core.palmknihy.cz/api/books/333687/cover/400?qxrvlr |c https://core.palmknihy.cz/api/books/333687/cover/50?qxrvlr |e 2031-09-08 |g 336 |i 9788076371644 |j https://core.palmknihy.cz/api/books/333687/preview.epub |k https://core.palmknihy.cz/api/books/333687/preview.pdf |l |q 49 |r 1 |s https://www.palmknihy.cz/kniha/333687 |t ebook |y 2021 |z 0 | ||
| 999 | |d 311380 | ||